| 000 | 01404cam a22004454i 4500 | ||
|---|---|---|---|
| 003 | PE-LiUPU | ||
| 005 | 20250731173019.0 | ||
| 008 | 150623s r 000 0 d | ||
| 020 | _a0830822097 | ||
| 035 | _a(Sirsi) i9780830822096 | ||
| 040 |
_aPE-LiUPU _bspa _cPE-LiUPU _erda |
||
| 049 | _aPRUA | ||
| 082 | 0 | 4 |
_a242.8 _bH251999 _221 |
| 100 | 1 |
_aHauerwas, Stanley, _d1940-, _eautor. |
|
| 245 | 1 | 0 |
_aPrayers plainly spoken / _cStanley Hauerwas. |
| 264 | 1 |
_aDowners Grove, Illinois : _bInterVarsity Press, _c1999. |
|
| 300 |
_a132 páginas ; _c22 centímetros |
||
| 336 |
_atext _2rdacontent |
||
| 337 |
_aunmediated _2rdamedia |
||
| 338 |
_avolume _2rdacarrier |
||
| 505 | 0 | _aBeginnings. -Living in between. -Endings. | |
| 526 | _aSEG42 | ||
| 526 | _aSEG41 | ||
| 526 | _aSEG40 | ||
| 526 | _aSEG39 | ||
| 526 | _aP94 | ||
| 526 | _aP87 | ||
| 526 | _aP86 | ||
| 526 | _aP85 | ||
| 526 | _aP77 | ||
| 526 | _aP76 | ||
| 526 | _aP35 | ||
| 650 | 0 | 4 | _aOraciones. |
| 942 |
_2ddc _cBOOK |
||
| 949 |
_a242.8 H25 1999 _wDEWEY _c1 _i47392 _lCCODEBUL1 _mBUL _r0 _sY _tBOOK _u2015-6-24 _xTEOLOGIA _PP35 _0COMPRA _o.STAFF. Colección General |
||
| 994 |
_aC0 _bPEPRU |
||
| 596 | _a1 | ||
| 999 |
_a242.8 H25 1999 _wDEWEY _c23947 _i47392 _f2021-11-11 _g5 _lCCODEBUL1 _mBUL _r0 _sY _tBOOK _u2015-6-24 _xTEOLOGIA _PP35 _0COMPRA _o.STAFF. Colección General _d23947 |
||
| 980 |
_81 _gALBERTO SANCHEZ Responsable de Automatización |
||